| 000 | 00885nac a22002775a 4500 | ||
|---|---|---|---|
| 005 | 20150811110731.0 | ||
| 008 | 150805t2003 nyua frib 000 0 eng d | ||
| 010 | _a010680837 | ||
| 020 | _a0333801369 (pbk.) | ||
| 020 | _a9780333801369 | ||
| 040 |
_aEG-ScBUE _beng _cEG-ScBUE |
||
| 082 | 0 | 4 |
_a006.3 _bCAL _222 |
| 100 | 1 | _aCallan, Rob. | |
| 245 | 1 | 0 |
_aArtificial intelligence / _cRob Callan. |
| 260 |
_aHampshire, New York : _bPalgrave Macmillan, _cc.2003. |
||
| 300 |
_aviii, 508 p. : _bill., charts ; _c25 cm. |
||
| 500 | _aIndex : p. 500-508. | ||
| 504 | _aBibliography : p. 492-499. | ||
| 590 | _aMoahamed Hussein | ||
| 650 |
_aArtificial intelligence. _2BUEsh |
||
| 650 |
_aArtificial intelligence -- Problems, exercises, etc. _2BUEsh |
||
| 651 | _2BUEsh | ||
| 653 |
_bENGGEN _cAugust2015 |
||
| 655 |
_vreading book _934232 |
||
| 942 |
_cTB _k006.3 CAL _2ddc |
||
| 999 |
_c8049 _d8049 |
||